Changing Priorities for Government R&D An Experimental Study of Trends in the Objectives of Government R & D Funding in 12 OECD Member Countries 1961-1972

שמור ב:
מידע ביבליוגרפי
מחבר תאגידי: Organisation for Economic Co-operation and Development
פורמט: ספר
שפה:Undetermined
יצא לאור: Paris Organisation for Economic Co-operation and Development 1975
נושאים:
תגים: הוספת תג
אין תגיות, היה/י הראשונ/ה לתייג את הרשומה!
Thư viện lưu trữ: Trung tâm Học liệu Trường Đại học Cần Thơ
LEADER 00741nam a2200205Ia 4500
001 CTU_85248
008 210402s9999 xx 000 0 und d
082 |a 309.2 
082 |b O.68 
110 |a Organisation for Economic Co-operation and Development 
245 0 |a Changing Priorities for Government R&D 
245 3 |b An Experimental Study of Trends in the Objectives of Government R & D Funding in 12 OECD Member Countries 1961-1972 
245 0 |c Organisation for Economic Co-operation and Development 
260 |a Paris 
260 |b Organisation for Economic Co-operation and Development 
260 |c 1975 
650 |a Research 
650 |x Finance 
904 |i Năm 
980 |a Trung tâm Học liệu Trường Đại học Cần Thơ